000 00608cam a22002173a 4500
001 44740
003 PGUSA
005 20140828084024.0
008 140123s2014||||xxu|||||s|||||000 | eng d
040 _aPGUSA
_beng
042 _adc
245 1 0 _aNew Readings Of Old Authors
_h[electronic resource]
260 _bProject Gutenberg,
_c2014
506 _aPublic domain in the USA.
516 _aElectronic text
700 1 _aSeymour, Robert,
_d1798-1836
700 1 _aCruikshank, George,
_d1792-1878
830 0 _aProject Gutenberg
_v44740
856 4 0 _uhttp://www.gutenberg.org/ebooks/44740
942 _cEB
999 _c273991
_d273991